| 000 | nam a22 a 4500 | ||
|---|---|---|---|
| 999 |
_c637 _d637 |
||
| 005 | 20170504140057.0 | ||
| 008 | 170504b1986 -cn||||| |||| 00| 0 eng d | ||
| 020 |
_a0316099481 : _c$16.95 |
||
| 040 | _aAKMAL | ||
| 082 | _a158 BLA | ||
| 090 |
_a158 _bBLA |
||
| 100 | 1 |
_aBlaker, Karen _91372 |
|
| 245 | 1 | 0 |
_aIntimate secrets : _bwhich to keep and which to tell / _cby Karen Blaker |
| 250 | _a1st ed. | ||
| 260 |
_aBoston : _bLittle, Brown, _cc1986 |
||
| 300 |
_axxii, 198 p. : _bill. ; _c25cm |
||
| 650 | 0 |
_aSecrecy _xPsychological aspects _91373 |
|
| 650 | 0 |
_aInterpersonal relations _9487 |
|
| 942 |
_2ddc _cBOOK |
||